[Event "European Blitz-ch 2018"]
[Site "Skopje"]
[Date "2018.12.07"]
[Round "15"]
[White "Ozen, Bahadir"]
[Black "Ivanisevic, Ivan"]
[Result "0-1"]
[WhiteElo "2349"]
[BlackElo "2603"]
[Annotator "TA"]
[PlyCount "44"]
[EventDate "2018.12.06"]
[EventType "swiss"]
[EventCountry "MKD"]

1. d4 Nf6 2. c4 c5 3. e3 g6 4. Nc3 Bg7 5. Nf3 O-O 6. Be2 cxd4 7. Nxd4 Nc6 8. Nc2 b6 9. O-O Ba6 10. b3 d5 11. cxd5 Bxe2 12. Nxe2 Nxd5 13. Rb1 Ndb4 14. Nxb4 Nxb4 15. Bd2 Nd3 16. Bc3 e5 17. Qd2 Nc5 18. Qb2 Qg5 19. Rfd1 Rfd8 20. Ng3 h5 21. f4 Qg4 22. fxe5 Rxd1+ 0-1

[Event "European Blitz-ch 2018"]
[Site "Skopje"]
[Date "2018.12.07"]
[Round "15"]
[White "Novoselski, Zoran"]
[Black "Saric, Ante"]
[Result "0-1"]
[WhiteElo "2339"]
[BlackElo "2533"]
[Annotator "TA"]
[PlyCount "68"]
[EventDate "2018.12.06"]
[EventType "swiss"]
[EventCountry "MKD"]

1. e4 c5 2. Nf3 g6 3. d4 cxd4 4. Qxd4 Nf6 5. Bb5 a6 6. Qa4 Bg7 7. Nc3 O-O 8. e5 Ne8 9. O-O Nc6 10. Bxc6 dxc6 11. Qh4 f6 12. Re1 Nc7 13. Bh6 g5 14. Qh5 Bf5 15. Bxg7 Kxg7 16. Rad1 Nd5 17. Nxd5 cxd5 18. exf6+ exf6 19. Nd4 Bd7 20. Qf3 Qa5 21. Nb3 Qc7 22. Re7+ Rf7 23. Rxf7+ Kxf7 24. Qxd5+ Be6 25. Qd3 Kg7 26. Nd4 Bd7 27. Re1 Qc5 28. c3 Rf8 29. h3 Rf7 30. Ne6+ Bxe6 31. Rxe6 Qc7 32. Rd6 Re7 33. h4 Re1+ 34. Kh2 Re6 0-1

[Event "European Blitz-ch 2018"]
[Site "Skopje"]
[Date "2018.12.07"]
[Round "15"]
[White "Robulj, Nenad"]
[Black "Pancevski, Filip"]
[Result "0-1"]
[WhiteElo "2286"]
[BlackElo "2495"]
[Annotator "TA"]
[PlyCount "145"]
[EventDate "2018.12.06"]
[EventType "swiss"]
[EventCountry "MKD"]

1. e4 g6 2. d4 Bg7 3. Nc3 Nc6 4. Nf3 d6 5. h3 e5 6. Be3 exd4 7. Nxd4 Nf6 8. Nxc6 bxc6 9. Bd3 O-O 10. O-O a5 11. Re1 Re8 12. Qd2 a4 13. a3 c5 14. Bh6 Bh8 15. Bg5 Be6 16. Bb5 Bd7 17. Bc4 Qc8 18. Qf4 Qd8 19. Nd5 Re6 20. Nxf6+ Rxf6 21. Bxf6 Qxf6 22. Qxf6 Bxf6 23. Rab1 Be5 24. h4 h6 25. g3 g5 26. hxg5 hxg5 27. Kg2 Kg7 28. f4 Bf6 29. e5 Bc6+ 30. Kf2 dxe5 31. fxe5 Be7 32. Ke3 Rh8 33. Rf1 Be8 34. Rh1 Rf8 35. Bd3 f5 36. exf6+ Bxf6 37. c3 Bg6 38. Bxg6 Kxg6 39. Rbf1 c4 40. g4 Re8+ 41. Kd2 Be5 42. Re1 Bf4+ 43. Kc2 Rd8 44. Rd1 Re8 45. Rhe1 Rh8 46. Re2 Rh4 47. Rd4 Rxg4 48. Rxc4 Rg1 49. Rxa4 Kf5 50. Rf2 Kg4 51. Rd4 Kg3 52. Re2 Kf3 53. Re8 Bd6 54. Rd3+ Kf4 55. b4 g4 56. c4 g3 57. c5 Be5 58. Rf8+ Ke4 59. Rg8 Bf4 60. Re8+ Be5 61. Rd2 Ra1 62. Re2+ Kf3 63. R8xe5 Ra2+ 64. Kd1 Ra1+ 65. Kd2 Ra2+ 66. Kd3 Rxa3+ 67. Kc4 g2 68. Re1 Kf2 69. R5e2+ Kf3 70. Rc2 Ra8 71. Rg1 Rg8 72. b5 Rg6 73. Rcxg2 0-1

[Event "European Blitz-ch 2018"]
[Site "Skopje"]
[Date "2018.12.07"]
[Round "15"]
[White "Dorokhin, Mykhailo"]
[Black "Perunovic, Miodrag"]
[Result "0-1"]
[WhiteElo "2260"]
[BlackElo "2436"]
[Annotator "TA"]
[PlyCount "116"]
[EventDate "2018.12.06"]
[EventType "swiss"]
[EventCountry "MKD"]

1. e4 c6 2. Nc3 d5 3. Nf3 dxe4 4. Nxe4 Nf6 5. Qe2 Nxe4 6. Qxe4 Nd7 7. Bc4 Nf6 8. Ne5 e6 9. Qe2 Be7 10. O-O O-O 11. c3 c5 12. Re1 Qc7 13. d4 cxd4 14. cxd4 a6 15. Bf4 Qd8 16. Rad1 Nd5 17. Bc1 b5 18. Nc6 Qc7 19. Bxd5 Bd6 20. Bf3 Bxh2+ 21. Kh1 Bb7 22. Ne5 Bxe5 23. Bxb7 Qxb7 24. dxe5 Rac8 25. Rd4 Rc5 26. Bf4 Rfc8 27. Red1 Qe7 28. Qd2 h6 29. Rd8+ Kh7 30. Qd3+ g6 31. Rxc8 Rxc8 32. Qh3 g5 33. Be3 Rc4 34. Kg1 Rh4 35. Qf3 Kg7 36. g3 Rc4 37. Rd2 g4 38. Qd1 Qc7 39. Rd4 h5 40. Rxc4 Qxc4 41. b3 Qe4 42. Qd8 Qf5 43. Qg5+ Qxg5 44. Bxg5 Kg6 45. Bf4 Kf5 46. Kf1 h4 47. b4 Ke4 48. Kg2 h3+ 49. Kg1 Kf3 50. Be3 Ke4 51. Kh2 Kxe5 52. f3 f5 53. Bc5 Kd5 54. fxg4 fxg4 55. Kg1 a5 56. a3 a4 57. Kh2 Kc4 58. Kg1 Kb3 0-1

[Event "European Blitz-ch 2018"]
[Site "Skopje"]
[Date "2018.12.07"]
[Round "15"]
[White "Smolka, Marcin"]
[Black "Pezelj, Novak"]
[Result "1-0"]
[WhiteElo "2178"]
[BlackElo "2475"]
[Annotator "TA"]
[PlyCount "95"]
[EventDate "2018.12.06"]
[EventType "swiss"]
[EventCountry "MKD"]

1. e4 g6 2. d4 Bg7 3. Nc3 d5 4. e5 f6 5. f4 Nh6 6. Be2 O-O 7. Nf3 Bg4 8. O-O e6 9. Be3 fxe5 10. fxe5 Nf5 11. Bg5 Qc8 12. Qd2 c5 13. Nb5 Bxf3 14. Bxf3 a6 15. Nd6 Nxd6 16. exd6 Bxd4+ 17. Kh1 Nc6 18. c3 Bg7 19. Rae1 Ne5 20. Be7 Nxf3 21. gxf3 Rf5 22. Qe3 Kf7 23. Qf2 b6 24. Qh4 Kg8 25. Re2 e5 26. Rd1 Qe6 27. f4 e4 28. Rde1 c4 29. Qg4 Bf6 30. Bxf6 Rxf6 31. Qg3 Qxd6 32. Rf1 Raf8 33. Rd2 Rxf4 34. Rxf4 Rxf4 35. Rxd5 Qxd5 36. Qxf4 Qd1+ 37. Kg2 Qf3+ 38. Qxf3 exf3+ 39. Kxf3 Kf7 40. Ke4 b5 41. Kd5 Kf6 42. a4 g5 43. a5 g4 44. Kc6 Ke6 45. Kb6 Kd6 46. Kxa6 Kc6 47. Ka7 h5 48. Kb8 1-0

[Event "European Blitz-ch 2018"]
[Site "Skopje"]
[Date "2018.12.07"]
[Round "16"]
[White "Artemiev, Vladislav"]
[Black "Guseinov, Gadir"]
[Result "0-1"]
[WhiteElo "2709"]
[BlackElo "2664"]
[Annotator "TA"]
[PlyCount "82"]
[EventDate "2018.12.06"]
[EventType "swiss"]
[EventCountry "MKD"]

1. e4 c5 2. Nf3 g6 3. Bc4 Bg7 4. O-O Nc6 5. c3 d6 6. Bb3 Nf6 7. d3 O-O 8. Nbd2 e5 9. Re1 Kh8 10. Nf1 Be6 11. Bg5 h6 12. Bh4 Qd7 13. Ne3 Nh5 14. Ba4 Nf4 15. Bg3 Nh5 16. a3 f5 17. exf5 gxf5 18. d4 cxd4 19. cxd4 f4 20. d5 fxe3 21. Rxe3 Bg4 22. dxc6 bxc6 23. Rc1 Rac8 24. h3 Bxf3 25. Rxf3 Nxg3 26. Rxg3 e4 27. Rc4 Qf7 28. Rc2 d5 29. Bxc6 Rxc6 30. Rxc6 Qxf2+ 31. Kh2 Qf4 32. Qh5 e3 33. Rcg6 Rf5 34. Qe2 Be5 35. Rg8+ Kh7 36. Qc2 h5 37. Kh1 Qf1+ 38. Kh2 h4 39. Qc7+ Bxc7 40. R8g7+ Kh6 41. R7g6+ Kh5 0-1

[Event "European Blitz-ch 2018"]
[Site "Skopje"]
[Date "2018.12.07"]
[Round "16"]
[White "Ragger, Markus"]
[Black "Jenni, Florian"]
[Result "1-0"]
[WhiteElo "2687"]
[BlackElo "2454"]
[Annotator "TA"]
[PlyCount "153"]
[EventDate "2018.12.06"]
[EventType "swiss"]
[EventCountry "MKD"]

1. e4 e5 2. Nf3 Nc6 3. Bc4 Nf6 4. d3 h6 5. O-O g6 6. c3 Bg7 7. d4 Qe7 8. Nbd2 d6 9. Re1 O-O 10. h3 a6 11. Bb3 Na5 12. Bc2 c5 13. a4 c4 14. Nf1 Qc7 15. Be3 b5 16. Qd2 Kh7 17. g4 Bb7 18. Ng3 Nb3 19. Bxb3 cxb3 20. d5 Ng8 21. Kh2 Qc4 22. a5 Bc8 23. Qd1 Kh8 24. Nd2 Qc7 25. Nxb3 f5 26. gxf5 gxf5 27. exf5 Bxf5 28. Rg1 Bg6 29. Qg4 Qf7 30. Qe6 Qxe6 31. dxe6 Rae8 32. Nd2 Rxe6 33. Nde4 Nf6 34. Nxf6 Rfxf6 35. Rad1 Kh7 36. Rd2 Bf8 37. Ne2 Rf7 38. Nc1 Ref6 39. Na2 Be4 40. Nb4 d5 41. Nxd5 Rd6 42. Rgd1 Rg6 43. f4 Bxd5 44. Rxd5 exf4 45. Rf1 f3 46. Rf2 Be7 47. Rdd2 Bh4 48. Rf1 Bg3+ 49. Kh1 Re6 50. Bd4 h5 51. h4 Bxh4 52. Rh2 Bg5 53. Rxh5+ Rh6 54. Rxh6+ Kxh6 55. Kh2 Kh5 56. Kh3 Rf5 57. Bf2 Rd5 58. Rh1 Rd2 59. Kg3+ Kg6 60. Kxf3 Rxb2 61. Bd4 Rb3 62. Rg1 Kf5 63. Rf1 Ke6 64. Ke4 Be7 65. Rh1 Ra3 66. Rh6+ Kd7 67. Rxa6 Bd8 68. Ra7+ Kc6 69. a6 Bb6 70. Ra8 Bxd4 71. cxd4 Kb6 72. d5 Ra1 73. d6 Rd1 74. Ke5 b4 75. a7 Kb7 76. Rb8+ Kxa7 77. Rxb4 1-0

[Event "European Blitz-ch 2018"]
[Site "Skopje"]
[Date "2018.12.07"]
[Round "16"]
[White "Anton Guijarro, David"]
[Black "Moroni, Luca Jr"]
[Result "1-0"]
[WhiteElo "2642"]
[BlackElo "2564"]
[Annotator "TA"]
[PlyCount "53"]
[EventDate "2018.12.06"]
[EventType "swiss"]
[EventCountry "MKD"]

1. Nf3 d5 2. b3 Nf6 3. Bb2 Bg4 4. e3 Nbd7 5. h3 Bh5 6. d3 c6 7. Nbd2 Qc7 8. g4 Bg6 9. Nh4 e5 10. Bg2 Bd6 11. Qe2 a5 12. a3 Nc5 13. O-O O-O 14. g5 Nfd7 15. Nxg6 fxg6 16. c4 d4 17. exd4 exd4 18. Bxd4 Rae8 19. Be3 Ne6 20. Ne4 Be5 21. Rad1 Nf4 22. Qg4 Qb8 23. d4 Bc7 24. Nc3 c5 25. Nd5 cxd4 26. Bxf4 Bxf4 27. Qxd7 1-0

[Event "European Blitz-ch 2018"]
[Site "Skopje"]
[Date "2018.12.07"]
[Round "16"]
[White "Van Foreest, Jorden"]
[Black "Navara, David"]
[Result "0-1"]
[WhiteElo "2614"]
[BlackElo "2736"]
[Annotator "RC"]
[PlyCount "52"]
[EventDate "2018.12.06"]
[EventType "swiss"]
[EventCountry "MKD"]

1. e4 c6 2. d4 d5 3. e5 Bf5 4. Nf3 e6 5. Be2 Ne7 6. O-O c5 7. dxc5 Nec6 8. Be3 Nd7 9. c4 Bxc5 10. cxd5 exd5 11. Bxc5 Nxc5 12. Nc3 d4 13. Nb5 d3 14. Nd6+ Kf8 15. Nxf5 dxe2 16. Qxe2 Qd3 17. Rfe1 Qxf5 18. Qb5 Nd3 19. Qxb7 Qc8 20. Qxc8+ Rxc8 21. Re3 Ncb4 22. Nd4 Rc4 23. a3 Rxd4 24. axb4 Nxb4 25. g3 Nc2 26. Rxa7 Rd1+ 0-1

[Event "European Blitz-ch 2018"]
[Site "Skopje"]
[Date "2018.12.07"]
[Round "16"]
[White "Erdos, Viktor"]
[Black "Esipenko, Andrey"]
[Result "1-0"]
[WhiteElo "2605"]
[BlackElo "2593"]
[Annotator "TA"]
[PlyCount "107"]
[EventDate "2018.12.06"]
[EventType "swiss"]
[EventCountry "MKD"]

1. Nf3 Nf6 2. c4 e6 3. g3 b6 4. Bg2 Bb7 5. O-O Be7 6. Nc3 O-O 7. d4 Ne4 8. Bd2 Bf6 9. Re1 d6 10. Qc2 Nxd2 11. Qxd2 Nd7 12. Rad1 g6 13. Qc2 Bg7 14. e3 Qe7 15. Nd2 c6 16. b4 Rac8 17. b5 Nf6 18. bxc6 Bxc6 19. Bxc6 Rxc6 20. Qa4 Rfc8 21. Nb5 a5 22. e4 e5 23. Qa3 Bf8 24. dxe5 Qxe5 25. Qb3 Qe7 26. Nc3 Bg7 27. Nd5 Qb7 28. Rb1 Ng4 29. Nxb6 Re8 30. Nd5 Qa7 31. Qf3 Ne5 32. Qe3 Qd7 33. Rec1 h5 34. f3 Kh7 35. Kg2 Qc8 36. Qe2 Re6 37. Rb6 Rxb6 38. Nxb6 Qb7 39. c5 dxc5 40. Nbc4 Nc6 41. Qd3 Nd4 42. Rb1 Qc8 43. Rb6 Re7 44. Nd6 Qd7 45. N2c4 Re6 46. f4 Qa4 47. Rb2 Re7 48. e5 h4 49. Kh3 Qc6 50. Qe4 Qd7+ 51. Kg2 h3+ 52. Kf2 Qb7 53. Rxb7 Rxb7 54. Nxb7 1-0

[Event "European Blitz-ch 2018"]
[Site "Skopje"]
[Date "2018.12.07"]
[Round "16"]
[White "Ivanisevic, Ivan"]
[Black "Ozen, Bahadir"]
[Result "1-0"]
[WhiteElo "2603"]
[BlackElo "2349"]
[Annotator "TA"]
[PlyCount "97"]
[EventDate "2018.12.06"]
[EventType "swiss"]
[EventCountry "MKD"]

1. d4 d5 2. c4 e6 3. Nc3 Nf6 4. Nf3 Be7 5. e3 O-O 6. b3 b6 7. Bb2 Bb7 8. Bd3 Nbd7 9. O-O c5 10. cxd5 Nxd5 11. Nxd5 Bxd5 12. Rc1 Rc8 13. Ba6 Rc7 14. Qe2 Qa8 15. Rfd1 Nf6 16. Ba3 Rd8 17. Ne1 Qb8 18. dxc5 Bxc5 19. Bxc5 Rxc5 20. Rxc5 bxc5 21. Nd3 Qb6 22. Ne5 h6 23. Bd3 Qc7 24. Qb2 Be4 25. Be2 Rxd1+ 26. Bxd1 Nd7 27. Nxd7 Qxd7 28. Be2 Qd6 29. Qc3 Bb1 30. a3 Be4 31. f3 Bb7 32. g3 f6 33. Kf2 Kf7 34. e4 g5 35. Bc4 Ke7 36. Ke2 h5 37. Qa5 Qb6 38. Qd2 Qd6 39. Qxd6+ Kxd6 40. Ke3 a5 41. f4 e5 42. fxg5 fxg5 43. h4 gxh4 44. gxh4 Bc8 45. Bf7 Be6 46. Bxe6 Kxe6 47. Kd3 Kd6 48. Kc4 Kc6 49. a4 1-0

[Event "European Blitz-ch 2018"]
[Site "Skopje"]
[Date "2018.12.07"]
[Round "16"]
[White "Stevic, Hrvoje"]
[Black "Galopoulos, Nikolaos"]
[Result "1-0"]
[WhiteElo "2587"]
[BlackElo "2356"]
[Annotator "TA"]
[PlyCount "75"]
[EventDate "2018.12.06"]
[EventType "swiss"]
[EventCountry "MKD"]

1. e4 c5 2. c3 Nf6 3. e5 Nd5 4. Nf3 Nc6 5. Bc4 Nb6 6. Bb3 d6 7. exd6 Qxd6 8. Na3 Be6 9. d4 cxd4 10. Nb5 Qd7 11. O-O Bxb3 12. axb3 e6 13. Bf4 Nd5 14. Bg3 Rc8 15. Nbxd4 Nxd4 16. Qxd4 a6 17. Rad1 Qc6 18. Rfe1 Nf6 19. Ne5 Qc5 20. Qa4+ Qb5 21. Qxb5+ axb5 22. Ra1 Bc5 23. Ra5 b4 24. Rb5 b6 25. Nd3 bxc3 26. bxc3 Be7 27. c4 Nd7 28. Ne5 Nxe5 29. Bxe5 O-O 30. Rxb6 Rfd8 31. Rb7 Bc5 32. b4 Bf8 33. c5 Rd2 34. h3 Rd3 35. Rc1 Rb3 36. Bc7 h6 37. b5 Be7 38. c6 1-0

[Event "European Blitz-ch 2018"]
[Site "Skopje"]
[Date "2018.12.07"]
[Round "16"]
[White "Jankovic, Alojzije"]
[Black "Zlatanovic, Boroljub"]
[Result "0-1"]
[WhiteElo "2557"]
[BlackElo "2376"]
[PlyCount "112"]
[EventDate "2018.12.06"]
[EventType "swiss"]
[EventCountry "MKD"]

1. d4 g6 2. c4 Bg7 3. Nf3 d6 4. Nc3 e5 5. dxe5 dxe5 6. Qxd8+ Kxd8 7. Bd2 f6 8. O-O-O Ke8 9. Rg1 Nh6 10. e3 Na6 11. h3 Nf7 12. g4 Be6 13. h4 c6 14. h5 Ke7 15. Nh4 gxh5 16. Nf5+ Bxf5 17. gxf5 Bh6 18. Ne4 Ng5 19. Nxg5 Bxg5 20. f4 exf4 21. exf4 Bh6 22. Rh1 Rad8 23. Rxh5 Rxd2 24. Kxd2 Bxf4+ 25. Kc2 h6 26. Rh4 Be5 27. Rg4 Rh7 28. Rg8 Nb4+ 29. Kb3 c5 30. Bg2 Bd4 31. Bxb7 Kd6 32. Bf3 Nc6 33. Bxc6 Kxc6 34. Rd2 h5 35. Re2 Be5 36. Reg2 h4 37. R2g7 Rh5 38. Re8 Rxf5 39. Rh7 Rf2 40. Re6+ Bd6 41. Rxh4 Kd7 42. Re3 Be5 43. Rd3+ Ke6 44. Rd5 Rxb2+ 45. Ka3 Rb6 46. Rh3 Bd4 47. Rf3 Ra6+ 48. Kb3 Rb6+ 49. Ka4 Ra6+ 50. Kb5 Rxa2 51. Rd8 Rb2+ 52. Kc6 Rb6+ 53. Kc7 Rb4 54. Ra8 Rxc4 55. Rxa7 Rc3 56. Kc6 Rxf3 0-1

[Event "European Blitz-ch 2018"]
[Site "Skopje"]
[Date "2018.12.07"]
[Round "16"]
[White "Kuljasevic, Davorin"]
[Black "Mamedov, Rauf"]
[Result "1-0"]
[WhiteElo "2556"]
[BlackElo "2703"]
[Annotator "TA"]
[PlyCount "119"]
[EventDate "2018.12.06"]
[EventType "swiss"]
[EventCountry "MKD"]

1. e4 e5 2. Nf3 Nc6 3. d4 exd4 4. Bc4 Bc5 5. Ng5 Nh6 6. Nxf7 Nxf7 7. Bxf7+ Kxf7 8. Qh5+ g6 9. Qxc5 d6 10. Qc4+ Be6 11. Qd3 Qf6 12. O-O Ne5 13. Qg3 Kg7 14. Bg5 Qf7 15. f4 Nd7 16. f5 Bc4 17. Rf2 Rhe8 18. Nd2 Ba6 19. c3 dxc3 20. Qxc3+ Ne5 21. fxg6 Qxg6 22. Bf6+ Kg8 23. Bxe5 Rxe5 24. Qxc7 Rae8 25. h3 R5e7 26. Qc3 Rg7 27. Qd4 Qe6 28. a4 Qe5 29. Qxe5 Rxe5 30. b4 Bd3 31. Rc1 Rf7 32. Rc8+ Kg7 33. Rxf7+ Kxf7 34. Rc7+ Re7 35. Rxe7+ Kxe7 36. Kf2 Ke6 37. Ke3 Bc2 38. a5 d5 39. Kd4 dxe4 40. Nxe4 b6 41. a6 Bd1 42. Nc3 Bh5 43. Nb5 Kd7 44. Nxa7 Be2 45. b5 Kc7 46. Ke5 Kb8 47. Nc6+ Kc7 48. Nd4 Bf1 49. g4 Bxh3 50. g5 Bf1 51. Kf6 Bd3 52. Ke7 Be4 53. Ne6+ Kb8 54. Kd6 Bd3 55. Nd4 Be4 56. Nc6+ Kc8 57. Nb4 Bf3 58. Nd5 Be2 59. Nxb6+ Kb8 60. Kc5 1-0

[Event "European Blitz-ch 2018"]
[Site "Skopje"]
[Date "2018.12.07"]
[Round "16"]
[White "Kadric, Denis"]
[Black "Dvirnyy, Danyyil"]
[Result "0-1"]
[WhiteElo "2554"]
[BlackElo "2485"]
[PlyCount "60"]
[EventDate "2018.12.06"]
[EventType "swiss"]
[EventCountry "MKD"]

1. e4 e6 2. d4 d5 3. e5 c5 4. c3 Nc6 5. Nf3 Bd7 6. Be2 f6 7. O-O Qc7 8. Re1 fxe5 9. dxe5 O-O-O 10. Na3 a6 11. c4 d4 12. Bd3 Nh6 13. Nc2 Nf7 14. Bf4 Be7 15. Bg3 g5 16. h3 Rdg8 17. b4 g4 18. hxg4 Rxg4 19. bxc5 Bxc5 20. Nd2 Rxg3 21. fxg3 Ncxe5 22. Nb3 Rg8 23. Ncxd4 Rxg3 24. Be4 Ng4 25. Bf3 Nfe5 26. Kf1 Nxc4 27. Bxg4 Bb4 28. Re2 Rxg4 29. Nxe6 Qh2 30. Rc1 Qh1+ 0-1

[Event "European Blitz-ch 2018"]
[Site "Skopje"]
[Date "2018.12.07"]
[Round "16"]
[White "Delchev, Aleksander"]
[Black "Rusev, Krasimir"]
[Result "0-1"]
[WhiteElo "2552"]
[BlackElo "2520"]
[Annotator "TA"]
[PlyCount "79"]
[EventDate "2018.12.06"]
[EventType "swiss"]
[EventCountry "MKD"]

1. Nf3 d5 2. d4 Nf6 3. c4 c6 4. Qc2 dxc4 5. Qxc4 Bf5 6. g3 e6 7. Bg2 Nbd7 8. O-O Be7 9. e3 O-O 10. Qe2 Bg6 11. Rd1 Ne4 12. Nfd2 Nxd2 13. Bxd2 e5 14. Bc3 e4 15. d5 cxd5 16. Rxd5 Qc7 17. Nd2 f5 18. Qc4 Qxc4 19. Nxc4 Nf6 20. Re5 Rfe8 21. Rd1 Rac8 22. Bf1 Ng4 23. Rb5 Bf7 24. b3 Rc5 25. Rxb7 Bf6 26. Bxf6 gxf6 27. Nd6 Rd8 28. Rxf7 Rxd6 29. Rxd6 Kxf7 30. Bc4+ Kg6 31. Ra6 Rc7 32. h3 Ne5 33. Kf1 h5 34. Ke2 Rd7 35. Be6 Rc7 36. Bc4 Rd7 37. Be6 Rc7 38. Bc4 Rd7 39. a4 Nf3 40. Bd3 0-1

[Event "European Blitz-ch 2018"]
[Site "Skopje"]
[Date "2018.12.07"]
[Round "16"]
[White "Dimitrov, Radoslav"]
[Black "Cheparinov, Ivan"]
[Result "0-1"]
[WhiteElo "2534"]
[BlackElo "2709"]
[Annotator "TA"]
[PlyCount "96"]
[EventDate "2018.12.06"]
[EventType "swiss"]
[EventCountry "MKD"]

1. c4 e6 2. Nc3 Nf6 3. Nf3 d5 4. d4 Bb4 5. e3 O-O 6. Bd2 b6 7. cxd5 exd5 8. Bd3 Bb7 9. Ne5 Be7 10. O-O c5 11. Rc1 Nc6 12. Ne2 Ne4 13. Nxc6 Bxc6 14. Bxe4 dxe4 15. dxc5 bxc5 16. Bc3 Bb5 17. Re1 Qxd1 18. Rcxd1 Rfd8 19. Ng3 Bd3 20. f3 exf3 21. gxf3 c4 22. Nh5 Bh4 23. Ng3 a5 24. Rd2 a4 25. a3 g6 26. Red1 f5 27. Kg2 Kf7 28. Nh1 Bg5 29. f4 Be4+ 30. Kg1 Be7 31. Nf2 Bf3 32. Rxd8 Rxd8 33. Rxd8 Bxd8 34. Nh3 h6 35. Kf2 Be4 36. Ng1 Bh4+ 37. Ke2 Bd3+ 38. Kd2 Be4 39. Ke2 g5 40. fxg5 hxg5 41. Nf3 Bxf3+ 42. Kxf3 g4+ 43. Kf4 Kg6 44. Ke5 Bf2 45. Kd5 Bxe3 46. Be5 f4 47. Kxc4 Kf5 48. Bc3 g3 0-1

[Event "European Blitz-ch 2018"]
[Site "Skopje"]
[Date "2018.12.07"]
[Round "16"]
[White "Saric, Ante"]
[Black "Novoselski, Zoran"]
[Result "1-0"]
[WhiteElo "2533"]
[BlackElo "2339"]
[Annotator "TA"]
[PlyCount "80"]
[EventDate "2018.12.06"]
[EventType "swiss"]
[EventCountry "MKD"]

1. Nf3 g6 2. d4 Bg7 3. c4 c5 4. e4 cxd4 5. Nxd4 Nc6 6. Be3 Nf6 7. Nc3 Ng4 8. Qxg4 Nxd4 9. Qd1 e5 10. Bd3 O-O 11. O-O d6 12. Qd2 f5 13. exf5 Nxf5 14. Bg5 Bf6 15. Bxf6 Qxf6 16. Nd5 Qh4 17. Bxf5 Bxf5 18. f4 Rae8 19. Rae1 exf4 20. Nxf4 Re5 21. Rxe5 dxe5 22. Qd5+ Kg7 23. Qxe5+ Qf6 24. Ne6+ Kg8 25. Qxf6 Rxf6 26. Nd4 Kg7 27. Nxf5+ gxf5 28. Rd1 Kg6 29. Kf2 Rc6 30. b3 b5 31. Rc1 Kf6 32. Ke3 Ke5 33. Kd3 b4 34. Re1+ Kf6 35. Re2 Rd6+ 36. Kc2 Ra6 37. Kd3 Rd6+ 38. Ke3 Rd7 39. c5 Rc7 40. Kd4 a5 1-0

[Event "European Blitz-ch 2018"]
[Site "Skopje"]
[Date "2018.12.07"]
[Round "16"]
[White "Demidov, Mikhail"]
[Black "Banikas, Hristos"]
[Result "0-1"]
[WhiteElo "2520"]
[BlackElo "2601"]
[PlyCount "94"]
[EventDate "2018.12.06"]
[EventType "swiss"]
[EventCountry "MKD"]

1. d4 Nf6 2. Bg5 d5 3. Nf3 c5 4. dxc5 e6 5. e3 Bxc5 6. Be2 h6 7. Bh4 Nbd7 8. O-O O-O 9. c4 dxc4 10. Bxc4 b6 11. Qe2 Bb7 12. Nc3 a6 13. Rfd1 Qe7 14. a3 b5 15. Bd3 Rfd8 16. Be4 Bxe4 17. Nxe4 g5 18. Nxc5 Nxc5 19. Bg3 Nfe4 20. Nd4 Rac8 21. Rac1 e5 22. Nf3 f6 23. Qc2 Qe6 24. Qb1 Qb3 25. Nd2 Qd3 26. Qxd3 Rxd3 27. Nxe4 Rxd1+ 28. Rxd1 Nxe4 29. f3 Nxg3 30. hxg3 Rc2 31. Rd6 Kg7 32. Rxa6 Rxb2 33. e4 h5 34. Rb6 Rb3 35. Kh2 g4 36. f4 exf4 37. gxf4 h4 38. e5 fxe5 39. fxe5 Kf7 40. Rh6 h3 41. gxh3 Rxh3+ 42. Rxh3 gxh3 43. Kxh3 Ke6 44. Kg3 Kxe5 45. Kf3 Kd4 46. Ke2 Kc3 47. a4 bxa4 0-1

[Event "European Blitz-ch 2018"]
[Site "Skopje"]
[Date "2018.12.07"]
[Round "16"]
[White "Nenezic, Marko"]
[Black "Santos Ruiz, Miguel"]
[Result "1/2-1/2"]
[WhiteElo "2515"]
[BlackElo "2523"]
[Annotator "TA"]
[PlyCount "162"]
[EventDate "2018.12.06"]
[EventType "swiss"]
[EventCountry "MKD"]

1. Nf3 d5 2. g3 Bg4 3. Bg2 c6 4. O-O Nd7 5. d3 e6 6. b3 Ngf6 7. Bb2 Bd6 8. Nbd2 O-O 9. h3 Bh5 10. e4 e5 11. Qe1 Re8 12. Nh4 a5 13. a3 Bf8 14. Nf5 Bg6 15. Ne3 dxe4 16. dxe4 Nc5 17. Ng4 Nxg4 18. hxg4 Qg5 19. Qe2 Rad8 20. Rad1 h5 21. Nc4 Rxd1 22. Rxd1 hxg4 23. Nxa5 Rd8 24. Rxd8 Qxd8 25. Nc4 f6 26. Qxg4 Bf7 27. Qe2 Ne6 28. Ne3 Nd4 29. Qd3 Qa5 30. b4 Qa4 31. c4 Qa8 32. c5 Qd8 33. Nf5 Ne6 34. Qxd8 Nxd8 35. Bf1 Ne6 36. f3 Nc7 37. Ne3 Be7 38. Bc4 Kf8 39. Kf2 Be8 40. a4 Bd7 41. Ke2 g6 42. Nc2 Na8 43. Na1 Ke8 44. Nb3 Kd8 45. f4 exf4 46. gxf4 Kc7 47. e5 fxe5 48. Bxe5+ Kc8 49. Bd3 Be8 50. Na5 b6 51. Nb3 Bf7 52. Nd4 Kb7 53. Be4 Be8 54. Bd6 bxc5 55. bxc5 Bf6 56. Kd3 Nc7 57. Bxc7 Kxc7 58. Nf3 Be7 59. Kd4 Bf6+ 60. Ne5 g5 61. fxg5 Bxg5 62. Kc4 Bf6 63. Nd3 Bf7+ 64. Kb4 Bg5 65. Ne5 Bd2+ 66. Ka3 Be8 67. Kb3 Bf4 68. Nd3 Bf7+ 69. Kc3 Bg5 70. a5 Bf6+ 71. Kb4 Kb7 72. Nf4 Bg5 73. Nd3 Bd2+ 74. Ka4 Bc4 75. Nb4 Bb5+ 76. Ka3 Be3 77. a6+ Bxa6 78. Bxc6+ Ka7 79. Nxa6 Bxc5+ 80. Nxc5 Kb6 81. Kb4 Kxc6 1/2-1/2

[Event "European Blitz-ch 2018"]
[Site "Skopje"]
[Date "2018.12.07"]
[Round "16"]
[White "Van Foreest, Lucas"]
[Black "Troyke, Christian"]
[Result "0-1"]
[WhiteElo "2500"]
[BlackElo "2347"]
[Annotator "TA"]
[PlyCount "88"]
[EventDate "2018.12.06"]
[EventType "swiss"]
[EventCountry "MKD"]

1. e4 c5 2. Nf3 g6 3. c3 Bg7 4. d4 cxd4 5. cxd4 d5 6. e5 Bg4 7. Bb5+ Nd7 8. O-O Nh6 9. Nbd2 O-O 10. h3 Bxf3 11. Nxf3 a6 12. Bd3 f6 13. Qb3 fxe5 14. Qxd5+ Nf7 15. Ng5 Nb6 16. Qxb7 Nd6 17. Ne6 Nxb7 18. Nxd8 Rfxd8 19. Be4 Rab8 20. dxe5 Bxe5 21. Bg5 Bf6 22. Bxf6 exf6 23. Rfc1 Nd6 24. Bd3 a5 25. Rc6 Nd5 26. Rd1 Kg7 27. Bf1 Rb6 28. Rc5 Ne7 29. Rxa5 Rxb2 30. Ra7 Kf8 31. a4 Nf7 32. Rc1 Ng5 33. Rcc7 Nd5 34. Rc6 Rb1 35. Rc4 Re8 36. g3 Nf3+ 37. Kg2 Ne1+ 38. Kh2 Rb2 39. Rd4 Nf3+ 40. Kg2 Nxd4 41. Rd7 Ne3+ 42. Kg1 Nf3+ 43. Kh1 Rxf2 44. Be2 Rh2# 0-1

[Event "European Blitz-ch 2018"]
[Site "Skopje"]
[Date "2018.12.07"]
[Round "16"]
[White "Ivic, Velimir"]
[Black "Fridman, Daniel"]
[Result "1/2-1/2"]
[WhiteElo "2497"]
[BlackElo "2633"]
[Annotator "TA"]
[PlyCount "61"]
[EventDate "2018.12.06"]
[EventType "swiss"]
[EventCountry "MKD"]

1. e4 e5 2. Nf3 Nf6 3. Nxe5 d6 4. Nf3 Nxe4 5. d4 d5 6. Bd3 Nc6 7. O-O Bg4 8. h3 Bxf3 9. Qxf3 Nxd4 10. Qd1 Ne6 11. Bxe4 dxe4 12. Qe2 c6 13. Qxe4 Be7 14. Nc3 O-O 15. Be3 Re8 16. Qc4 Qa5 17. Rad1 Rad8 18. Ne2 Bg5 19. Bxg5 Qxg5 20. Rfe1 h5 21. h4 Qf6 22. c3 g6 23. g3 c5 24. Kg2 Qf5 25. Ng1 Qc2 26. Rxd8 Rxd8 27. Rxe6 fxe6 28. Qxe6+ Kf8 29. Qf6+ Ke8 30. Qe6+ Kf8 31. Qf6+ 1/2-1/2

[Event "European Blitz-ch 2018"]
[Site "Skopje"]
[Date "2018.12.07"]
[Round "16"]
[White "Pancevski, Filip"]
[Black "Robulj, Nenad"]
[Result "0-1"]
[WhiteElo "2495"]
[BlackElo "2286"]
[PlyCount "34"]
[EventDate "2018.12.06"]
[EventType "swiss"]
[EventCountry "MKD"]

1. e4 e6 2. d3 d5 3. Nd2 Nf6 4. Ngf3 dxe4 5. dxe4 Bc5 6. Bc4 e5 7. c3 O-O 8. a4 a5 9. O-O Nc6 10. Qe2 Qe7 11. Nh4 Bg4 12. Qe1 Nh5 13. Nf5 Qf6 14. Ne3 Be6 15. Nd5 Qg6 16. Nxc7 Bh3 17. g3 Nxg3 0-1